NFL Yards per Touch Leaders (Season) - Statistics

General Stats
  • This quiz has been taken 35 times
  • The average score is 27 of 59
Answer Stats
Year Yds/Touch Team Answer % Correct
2022 13.9 Vikings Justin Jefferson
100%
2021 14.3 Vikings Justin Jefferson
100%
2023 14.5 Dolphins Tyreek Hill
97%
2020 14.0 Chiefs Tyreek Hill
97%
2018 15.0 Chiefs Tyreek Hill
97%
2024 13.4 Bengals Ja'Marr Chase
94%
2019 13.8 Falcons Julio Jones
91%
2015 13.8 Falcons Julio Jones
91%
2014 15.2 Falcons Julio Jones
91%
2009 15.3 Texans Andre Johnson
88%
2008 13.7 Texans Andre Johnson
88%
2006 11.0 Texans Andre Johnson
88%
2012 16.1 Lions Calvin Johnson
88%
1971 7.9 Bengals Essex Johnson
88%
2017 15.2 Steelers Antonio Brown
84%
2016 13.5 Giants Odell Beckham Jr.
84%
1997 13.1 Raiders Tim Brown
84%
1995 14.8 49ers Jerry Rice
75%
1993 15.6 49ers Jerry Rice
75%
1990 14.7 49ers Jerry Rice
75%
2000 16.0 Broncos Rod Smith
69%
1978 6.1 Seahawks Sherman Smith
69%
2005 14.8 Panthers Steve Smith
69%
1999 14.4 Colts Marvin Harrison
66%
2015 12.8 Jets Brandon Marshall
56%
2010 12.2 Colts Reggie Wayne
53%
2007 14.4 Colts Reggie Wayne
53%
2002 12.9 49ers Terrell Owens
47%
2004 12.3 Chiefs Tony Gonzalez
47%
2003 14.4 Rams Torry Holt
47%
2011 13.0 Falcons Roddy White
41%
1992 13.1 Packers Sterling Sharpe
38%
1994 13.9 Bills Andre Reed
31%
2013 14.5 Bears Alshon Jeffery
25%
1984 12.9 Redskins Art Monk
25%
1996 12.2 Lions Herman Moore
25%
2001 15.9 Cardinals David Boston
22%
1975 6.6 49ers Delvin Williams
16%
1982 15.2 49ers Dwight Clark
16%
1986 6.9 Cowboys Herschel Walker
16%
1973 6.6 Dolphins Mercury Morris
16%
1977 6.5 Cowboys Preston Pearson
16%
1976 6.0 Cowboys Preston Pearson
16%
2002 12.9 Bills Eric Moulds
13%
1985 8.1 Chargers Lionel James
9%
1988 6.3 Redskins Kelvin Bryant
6%
1987 7.5 Redskins Kelvin Bryant
6%
1974 6.0 Broncos Otis Armstrong
6%
1998 7.8 Rams Amp Lee
3%
1972 6.9 Bears Bobby Douglass
3%
1981 6.4 Jets Bruce Harper
3%
1974 6.0 Bengals Charlie Davis
3%
1974 6.0 Chargers Don Woods
3%
1983 6.7 Packers Gerry Ellis
3%
1991 11.8 Texans Haywood Jeffires
3%
1970 6.1 Steelers John Fuqua
3%
1989 7.6 Packers Keith Woodside
3%
1979 7.1 49ers Paul Hofer
3%
1980 7.8 Dolphins Tony Nathan
3%
No matching quizzes found
Score Distribution
Percent of People with Each Score
Percentile by Number Answered
Your Score History
You have not taken this quiz